Harry Potter Surnames Quiz Stats

 Plays Quiz Updated May 11, 2017

Support Sporcle.
Go Orange.
Score 0/42 Timer 07:00
71 Plays Today
First Name Last Name % Correct
SeverusSnape
99.3%
AlbusDumbledore
96.6%
HermioneGranger
95.9%
DracoMalfoy
95.5%
RonWeasley
95.4%
SiriusBlack
94.4%
NevilleLongbottom
93.6%
DoloresUmbridge
93.2%
LunaLovegood
91.7%
Alastor 'Mad-Eye' Moody
91.6%
ViktorKrum
90.2%
ChoChang
90%
GilderoyLockhart
89.5%
RubeusHagrid
88.1%
BellatrixLestrange
87.8%
Lily Potter
87.5%
CedricDiggory
87.2%
RemusLupin
87.2%
TomRiddle
85.3%
RowenaRavenclaw
85.2%
SalazarSlytherin
85.1%
First Name Last Name % Correct
HelgaHufflepuff
84.8%
Bartemius 'Barty'Crouch
84.3%
CorneliusFudge
83%
DudleyDursley
80.9%
NymphadoraTonks
80.8%
GodricGryffindor
80.5%
FleurDelacour
79.5%
ArgusFilch
79%
Parvati Patil
77.8%
MinervaMcGonagall
75.4%
PeterPettigrew
75.4%
HoraceSlughorn
74%
ColinCreevey
73.3%
SybillTrelawney
68%
Quirinus Quirrell
55%
GellertGrindelwald
52%
FiliusFlitwick
49.5%
Pomona Sprout
46.5%
AmycusCarrow
42.8%
CuthbertBinns
25.1%
WilhelminaGrubbly-Plank
23.8%

From the Vault

Fantastic Foursomes by First Names

by Noldeh

Three's a crowd, but four's a party!
Remove Ads.
Support Sporcle.
Get the best of Sporcle when you Go Orange. This ad-free experience offers more features, more stats, and more fun while also helping to support Sporcle. Thank you for becoming a member.

Show Comments

Extras

Top Quizzes Today


Score Distribution

Your Account Isn't Verified!

In order to create a playlist on Sporcle, you need to verify the email address you used during registration. Go to your Sporcle Settings to finish the process.

Report this User

Report this user for behavior that violates our Community Guidelines.

Details: